000
00261nam a22001097a 4500
082
_a
380/CAR
100
_a
Dale,Carnegie
_9
82849
245
_a
The Art of PUBLIC SPEAKING
260
_a
Mumbai
_b
JaicoPublishing House
_c
2022
650
_a
COMMUNICATION
942
_c
BK
999
_c
67695
_d
67695